LEADER 00750nam a2200205 i 4500 001 000000159587 003 CaOOAMICUS 005 20110318000000.0 008 110318s1896 it u000 u ita u 013 $a136950 040 $aSeMil$bita 245 10$aZelo per la conversione degli infedeli. 250 $aEdizione terza. 260 $aMilano :$bTipografia Pontificia S. Giuseppe,$c1896. 300 $a31 p. ;$c20 cm. 773 0 $t[Miscellanea.$w()24570 850 $aSeMil 852 $aSeMil$W1$xVenegono$y1$m5B I 26/9 FA$j111144$B111144$CSeMilBibl$Z2$F120753 $8I 996 $6245$aZelo per la conversione degli infedeli$9(OLS)http://semarc/title/141723 996 $6260$aMilano :$bTipografia Pontificia S. Giuseppe$9(OLS)http://semarc/publisher/30602 LEADER 01065nam a2200241 4500 001 000000365486 003 CaOOAMICUS 005 20251128114000.0 008 251128s2024 it 000 u ita r 020 $a978-88-288-5753-2 040 $aSeMil$bita 100 1 $aBettetini, Andrea,$d<1963- >.$0(OLS)http://semarc/name/63344 245 10$aEnte ecclesiastico, beni religiosi e attività di culto :$bprofili giuridici /$cAndrea Bettetini. 250 $a2. Ed. 264 1$aMilano :$bGiuffrè Francis Lefebvre,$c2024. 300 $aX, 203 p. ;$c24 cm 650 4$aEnti ecclesiastici - Legislazione - Italia.$0(OLS)http://semarc/subject/59126 850 $aSeMil 852 $aSeMil$W1$xVenegono$y1$m2J VI 31$j264990$B256322$CSeMilBibl$Z2$F256322 $81 996 $6020$a978-88-288-5753-2$9(OLS)http://semarc/number/304819 996 $6245$aEnte ecclesiastico, beni religiosi e attività di culto :$bprofili giuridici$9(OLS)http://semarc/title/457088 996 $6264$aMilano :$bGiuffrè Francis Lefebvre$9(OLS)http://semarc/publisher/58113 LEADER 01269nam a2200265 i 4500 001 000000076578 003 CaOOAMICUS 005 20060209000000.0 008 060209s2000 it u000 u ita u 013 $a47750 020 $a88-382-3842-1 040 $aSeMil$bita 100 1 $aGiovannelli, Andrea.$0(OLS)http://semarc/name/37726 245 13$aLa Santa Sede e la Palestina :$bla custodia di Terra Santa tra la fine dell'impero ottomano e la guerra dei sei giorni /$cAndrea Giovannelli. 260 $aRoma :$bStudium,$c2000. 300 $aXIV, 250 p. ;$c21 cm. 490 0 $aReligione e società : storia della Chiesa e dei movimenti cattolici ;$v35. 650 4$aSanta Sede - Relazioni con la Palestina.$0(OLS)http://semarc/subject/15656 830 0$aReligione e società ;$v35.$0(OLS)http://semarc/title/6868 850 $aSeMil 852 $aSeMil$W1$xVenegono$y1$m3E I 41$j42730$B42730$CSeMilBibl$Z2$F107140 $81 961 $aAcquisto: Mescat 996 $6020$a88-382-3842-1$9(OLS)http://semarc/number/57565 996 $6245$aLa Santa Sede e la Palestina :$bla custodia di Terra Santa tra la fine dell'impero ottomano e la guerra dei sei giorni$9(OLS)http://semarc/title/124162 996 $6260$aRoma :$bStudium$9(OLS)http://semarc/publisher/29617